[Event "RUS-Cup06"]
[Site "Nizhnij Novgorod"]
[Date "1998.06.29"]
[Round "1"]
[White "Brodsky, Michail"]
[Black "Isanbaev, Ramil"]
[Result "1-0"]
[WhiteElo "2545"]
[BlackElo "2320"]
[PlyCount "131"]
[EventDate "1998.06.29"]
[EventType "swiss"]
[EventRounds "9"]
[EventCountry "RUS"]
[SourceTitle "EXT 2000"]
[Source "ChessBase"]
[SourceDate "1999.11.16"]
[SourceVersion "1"]
[SourceVersionDate "1999.11.16"]
[SourceQuality "1"]

1. e4 e5 2. Nf3 Nc6 3. Bb5 a6 4. Ba4 Nf6 5. 0-0 Be7 6. Re1 b5 7. Bb3 0-0 8. d3 d6 9. c3 Re8 10. Nbd2 Bf8 11. Nf1 h6 12. Ng3 d5 13. exd5 Nxd5 14. d4 Nb6 15. Nxe5 Nxe5 16. dxe5 Qxd1 17. Bxd1 Nc4 18. f4 Be6 19. b3 Nb6 20. Bf3 Rad8 21. Bc6 Bd7 22. Be4 Be6 23. f5 Bd5 24. Bf4 Bxe4 25. Nxe4 Nd5 26. Bg3 Ne7 27. e6 Nxf5 28. Bxc7 Rd3 29. exf7+ Kxf7 30. Bb6 Re6 31. Bf2 Be7 32. Rac1 g5 33. Rc2 h5 34. Kf1 Ne3+ 35. Rxe3 Rxe3 36. Bxe3 Rxe4 37. Kf2 g4 38. c4 Bd6 39. h3 gxh3 40. gxh3 Rh4 41. Kg2 Re4 42. Bf2 Ke6 43. Kf3 Rf4+ 44. Ke2 Re4+ 45. Kd3 Rf4 46. Re2+ Kd7 47. Bd4 Rf3+ 48. Re3 Rf1 49. a4 Rd1+ 50. Ke4 bxc4 51. bxc4 Kc6 52. Rf3 Rc1 53. Kd3 Rd1+ 54. Ke3 Re1+ 55. Kd2 Bb4+ 56. Kc2 Ba5 57. Rf6+ Kd7 58. c5 Re6 59. Rf5 h4 60. Kd3 Kc6 61. Kc4 Be1 62. Rf8 Rg6 63. Rb8 Rg2 64. Rb6+ Kd7 65. Rh6 Rc2+ 66. Kd5 1-0

[Event "RUS-ch sf"]
[Site "Novosibirsk"]
[Date "1998.??.??"]
[Round "?"]
[White "Akselrod, Vladislav"]
[Black "Isanbaev, Ramil"]
[Result "1-0"]
[WhiteElo "2375"]
[BlackElo "2320"]
[PlyCount "57"]
[EventDate "1998.??.??"]
[EventType "swiss"]
[EventRounds "9"]
[EventCountry "RUS"]
[SourceTitle "EXT 2000"]
[Source "ChessBase"]
[SourceDate "1999.11.16"]
[SourceVersion "1"]
[SourceVersionDate "1999.11.16"]
[SourceQuality "1"]

1. d4 Nf6 2. Nf3 d5 3. c4 e6 4. Nc3 Be7 5. Bg5 0-0 6. e3 h6 7. Bh4 b6 8. Bd3 Bb7 9. Bxf6 Bxf6 10. cxd5 exd5 11. 0-0 c5 12. Rc1 Nd7 13. Bb1 Rc8 14. Nb5 Ba6 15. a4 Bxb5 16. axb5 Re8 17. Ba2 Nb8 18. dxc5 bxc5 19. Bxd5 Re7 20. Qb3 Nd7 21. Rfd1 Qc7 22. Nd4 Bxd4 23. exd4 Qb8 24. Qd3 Rc7 25. Qa3 Nf6 26. dxc5 Qe8 27. Bc6 Qc8 28. h3 a6 29. Ra1 1-0

[Event "RUS-ch sf"]
[Site "Novosibirsk"]
[Date "1998.??.??"]
[Round "?"]
[White "Isanbaev, Ramil"]
[Black "Chigvintsev, Andrei"]
[Result "1/2-1/2"]
[WhiteElo "2320"]
[BlackElo "2395"]
[PlyCount "114"]
[EventDate "1998.??.??"]
[EventType "swiss"]
[EventRounds "9"]
[EventCountry "RUS"]
[SourceTitle "EXT 2000"]
[Source "ChessBase"]
[SourceDate "1999.11.16"]
[SourceVersion "1"]
[SourceVersionDate "1999.11.16"]
[SourceQuality "1"]

1. e4 g6 2. d4 Bg7 3. Nc3 c6 4. Nf3 d6 5. h3 Nf6 6. Bd3 0-0 7. 0-0 Na6 8. a3 Nc7 9. Be3 Re8 10. Qd2 e5 11. Rad1 exd4 12. Bxd4 Ne6 13. Be3 d5 14. exd5 Nxd5 15. Nxd5 Qxd5 16. c4 Qd6 17. Rfe1 Qf8 18. b4 a5 19. c5 axb4 20. Qxb4 Bf6 21. Nd2 Be7 22. Ne4 Rd8 23. Bc4 b5 24. Bb3 Rd7 25. Nd6 Rda7 26. Bc1 Bf6 27. Re3 Re7 28. Rf3 Qg7 29. Nf5 gxf5 30. Rg3 Qxg3 31. fxg3 Rd7 32. Rxd7 Bxd7 33. Kh2 Rd8 34. Be3 Be8 35. Qe1 Rd3 36. Bc2 Rd5 37. Qf2 Ng7 38. a4 bxa4 39. Bxa4 Be5 40. Bb3 Rd3 41. Bc2 Rd5 42. Qe2 Bc7 43. Qf3 Bd7 44. Kg1 Be6 45. Bb3 Rd8 46. Bxe6 Nxe6 47. Qxf5 Rd5 48. Qg4+ Kf8 49. Kf2 h5 50. Qa4 Rf5+ 51. Ke2 Re5 52. g4 hxg4 53. hxg4 Ke7 54. Kf3 Kd7 55. Bf4 Rxc5 56. Bxc7 Kxc7 57. Qa7+ Kd8 1/2-1/2